Dictionary of biology (Record no. 916989)

MARC details
000 -LEADER
fixed length control field 00644nam a2200241Ia 4500
003 - CONTROL NUMBER IDENTIFIER
control field OSt
005 - DATE AND TIME OF LATEST TRANSACTION
control field 20221002051504.0
008 - FIXED-LENGTH DATA ELEMENTS--GENERAL INFORMATION
fixed length control field 220930b |||||||| |||| 00| 0 eng d
037 ## - SOURCE OF ACQUISITION
Terms of availability Reference Collections
040 ## - CATALOGING SOURCE
Original cataloging agency CRL
Transcribing agency CRL
Language of cataloging eng
041 ## - LANGUAGE CODE
Source of code eng
Language code of text/sound track or separate title eng
100 ## - MAIN ENTRY--PERSONAL NAME
Personal name Sood M Singh
9 (RLIN) 572622
245 #0 - TITLE STATEMENT
Title Dictionary of biology
260 ## - PUBLICATION, DISTRIBUTION, ETC.
Place of publication, distribution, etc. Delhi
Name of publisher, distributor, etc. C B S Pub.
Date of publication, distribution, etc. 1983
300 ## - PHYSICAL DESCRIPTION
Extent 400p
Dimensions cm.
650 ## - SUBJECT ADDED ENTRY--TOPICAL TERM
Topical term or geographic name entry element BIOLOGY
942 ## - ADDED ENTRY ELEMENTS (KOHA)
Classification part G:(P111:4k), M3 (RR)
Koha item type
Source of classification or shelving scheme Colon Classification (CC)

No items available.

Copyright @ Delhi University Library System